000 00527nam a2200205Ia 4500
003 0100
008 130303s9999 xx 000 0 und d
020 _a081465844X
040 _cARRUPELIB
050 _aBX2179.L8N48 1993
100 _aBirkenhauer, Henry F
245 2 _aA New Introduction to the Spiritual Exercises of ST. Ignatius
260 _aCollegeville, Minnesota
260 _bThe Liturgical Press
260 _C1993
300 _a114p.
300 _b 24cm.
700 _aDunne, Tad...et al.
942 0 0 _03
999 _c19145
_d19145